La vorágine
Uloženo v:
| Hlavní autor: | |
|---|---|
| Médium: | Kniha |
| Jazyk: | španělština |
| Vydáno: |
Buenos Aires
Losada
1946
|
| Vydání: | 3a. ed |
| Edice: | Biblioteca Contemporánea
|
| Témata: | |
| Tagy: |
Přidat tag
Žádné tagy, Buďte první, kdo vytvoří štítek k tomuto záznamu!
|
MARC
| LEADER | 00000nam a2200000 a 4500 | ||
|---|---|---|---|
| 001 | UCN0951 | ||
| 003 | CL-VaPUC | ||
| 008 | 010406e19460000AG |||||||||||||||||spa|d | ||
| 082 | 0 | 4 | |a Co863 |b RIV |2 21 |
| 100 | 0 | |a Rivera, José Eustasio |e author |9 313852 | |
| 245 | 1 | 3 | |a La vorágine |
| 250 | |a 3a. ed | ||
| 300 | |a 254 p | ||
| 942 | |c BK | ||
| 945 | |d 20010406 00:00:00 |a vberengu | ||
| 260 | |a Buenos Aires |b Losada |c 1946 | ||
| 650 | 0 | |a Novelas colombianas |9 266734 | |
| 650 | 0 | |a Literatura colombiana |9 315578 | |
| 650 | 7 | |a PROSA COLOMBIANA |2 CL-VaPUC |9 342788 | |
| 650 | 0 | |a Formas y géneros literarios |9 324031 | |
| 583 | |a last modification |c 20010406 00:00:00 |k Rodrigo Vera | ||
| 490 | 0 | |a Biblioteca Contemporánea | |
| 999 | |c 294562 |d 294560 | ||